| 000 | 00511nam a2200181Ia 4500 | ||
|---|---|---|---|
| 005 | 20250530115534.0 | ||
| 008 | 008 250516s9999 xx 000 0 eng d | ||
| 020 | _a9788131611593 | ||
| 040 |
_beng _cSDCL |
||
| 041 |
_aeng _2eng |
||
| 084 | _aRx3M721:g R1 | ||
| 100 |
_aTiwari, Richa _9809600 |
||
| 245 | 0 |
_aPolitical philosophy of Sri Aurobindo : _bNationalism and internationalism |
|
| 260 |
_aJaipur: _bRawat Publications, _c2021. |
||
| 300 | _a220p. | ||
| 650 | _aPhilosophy | ||
| 942 |
_cTEXL _2CC |
||
| 999 |
_c1429589 _d1429589 |
||